Obra (Record no. 1572)

MARC details
000 -LEADER
campo de control de longitud fija 01515nas a2200337 i 4500
001 - NÚMERO DE CONTROL
campo de control 1572
003 - IDENTIFICADOR DE NÚMERO DE CONTROL
campo de control ES-MaACL
005 - FECHA Y HORA DE LA ÚLTIMA TRANSACCIÓN
campo de control 20250731034200.0
008 - DATOS DE LONGITUD FIJA--INFORMACIÓN GENERAL
campo de control de longitud fija 950801d1946 sp mryp 0 |spa d
022 ## - NÚMERO INTERNACIONAL NORMALIZADO PARA PUBLICACIONES SERIADAS
Número Internacional Normalizado para Publicaciones Seriadas 2481-0703
080 ## - NÚMERO DE LA CLASIFICACIÓN DECIMAL UNIVERSAL
Número de la Clasificación Decimal Universal 32
245 00 - MENCIÓN DEL TÍTULO
Título Obra
Resto del título : revista internacional.
260 ## - PUBLICACIÓN, DISTRIBUCIÓN, ETC.
Lugar de publicación, distribución, etc. Madrid :
Nombre del editor, distribuidor, etc. Gráf. Valera,
Fecha de publicación, distribución, etc. 1946-
300 ## - DESCRIPCIÓN FÍSICA
Extensión 4 v. :
Otras características físicas il. ;
Dimensiones 22 cm.
310 ## - PERIODICIDAD ACTUAL
Periodicidad actual Mensual
362 0# - FECHAS DE PUBLICACIÓN Y/O DESIGNACIÓN SECUENCIAL
Fecha de publicación y/o designación secuencial N. 1 (mayo 1946)-
505 8# - NOTA DE CONTENIDO CON FORMATO
Nota de contenido con formato Cada número contiene, con paginación independiente, una novela. N. 1: Fugitivos / Tatiana Tschernawin; traducción directa del ruso por G.D. (143 p.) - N. 2: Yo, secretario de Stalin / Boris Bajanow (91 p.) - N. 3: El hombre que luchó contra el infierno / Sergio Kostineff (80 p.) - N. 4: Un ruso vuelve a su patria / Boris Wartanoff (160 p.)
505 8# - NOTA DE CONTENIDO CON FORMATO
Nota de contenido con formato En el n. 1: Cánovas, desde el viejo Ateneo, ve los cosacos saltando sobre Europa / artículo de Eugenio Montes, p. 19-27
610 24 - PUNTO DE ACCESO ADICIONAL DE MATERIA--NOMBRE DE ENTIDAD CORPORATIVA
Nombre de entidad corporativa o nombre de jurisdicción como elemento de entrada Ateneo de Madrid-
Subdivisión de forma Historia-
-- Relatos personales
9 (RLIN) 1926
650 #7 - PUNTO DE ACCESO ADICIONAL DE MATERIA--TÉRMINO DE MATERIA
Término de materia o nombre geográfico como elemento de entrada Política
Fuente del encabezamiento o término embne
9 (RLIN) 140345
700 1# - ENTRADA AGREGADA--NOMBRE PERSONAL
Nombre de persona Tschernawin, Tatiana.
9 (RLIN) 161764
700 1# - ENTRADA AGREGADA--NOMBRE PERSONAL
Nombre de persona Bajanow, Boris.
9 (RLIN) 162091
700 1# - ENTRADA AGREGADA--NOMBRE PERSONAL
Nombre de persona Kostineff, Sergio.
9 (RLIN) 68645
700 1# - ENTRADA AGREGADA--NOMBRE PERSONAL
Nombre de persona Wartanoff, Boris.
9 (RLIN) 162092
700 1# - ENTRADA AGREGADA--NOMBRE PERSONAL
Nombre de persona Montes, Eugenio,
Fechas asociadas al nombre 1897-1982
9 (RLIN) 227206
740 02 - ENTRADA AGREGADA--TÍTULO RELACIONADO/ANALÍTICO NO CONTROLADO
Título relacionado o analítico no controlado Cánovas, desde el viejo Ateneo, ve los cosacos saltando sobre Europa.
852 ## - LOCALIZACIÓN
Ubicación ES-MaACL
Número de control de estantería Hem-185
852 ## - LOCALIZACIÓN
Ubicación ES-MaACL
Número de control de estantería F-3049
Nota libre (N. 1)
866 #0 - MENCIÓN TEXTUAL DE FONDOS--UNIDAD BIBLIOGRÁFICA BÁSICA
Fondos 1946: n. 1 (mayo), n. 2 (jun.), n. 3 (ag.), n. 4 (sept.)
Holdings
Estatus retirado Estado de pérdida Estado de daño No para préstamo Colección Biblioteca de origen Biblioteca actual Ubicación en estantería Fecha de adquisición Fuente de adquisición Total de préstamos Signatura topográfica completa Código de barras Visto por última vez Precio de reemplazo Tipo de ítem Koha
        Periódicos y Revistas Biblioteca del Ateneo de Madrid Biblioteca del Ateneo de Madrid Depósito 2 16/03/2017     F-3049 1197237 23/02/2023 23/02/2023 Revista
        Periódicos y Revistas Biblioteca del Ateneo de Madrid Biblioteca del Ateneo de Madrid Depósito 1 17/01/2008     Hem-185 1001605 23/02/2023 23/02/2023 Revista